Pokémon que empiezan por la letra O - Estadísticas

Estadísticas generales
  • Esta prueba ha sido intentada 21 veces
  • La puntuación promedio es 9 de 16
Estadísticas de respuestas
Gen. Tipo Nombre % Correcto
I Roca/Tierra Onix
100%
I Planta/Veneno Oddish
93%
I Roca/Agua Omanyte
93%
I Roca/Agua Omastar
93%
VII Volador/Fuego - Volador/Eléctrico - Volador/Psíquico - Volador/Fantasma Oricorio
60%
V Agua Oshawott
60%
IX Planta Ogerpon
53%
IX Siniestro/Normal Obstagoon
47%
II Agua Octillery
40%
IX Agua/Dragon Ondulagua
40%
VII Normal/Psíquico Oranguru
40%
VIII Bicho/Psíquico Orbeetle
40%
IX Normal Oinkologne
33%
IX Veneno/Lucha Okidogi
33%
IX Acero Orthworm
27%
VIII Siniestro/Veneno Overqwil
13%
No se encontraron pruebas coincidentes
Distribución de puntuación
Porcentaje de gente con cada puntuación
Porcentaje por número respondido
Historial de tus puntuaciones
No has intentado esta prueba.